Fr. Conceicao Rodrigues College of Engineering

Basic machine shop practices. (Record no. 20423)

MARC details
000 -LEADER
fixed length control field 00275nam a2200121Ia 4500
082 ## - DEWEY DECIMAL CLASSIFICATION NUMBER
Classification number 670.423
100 ## - MAIN ENTRY--PERSONAL NAME
Personal name Black/Pery/O
245 ## - TITLE STATEMENT
Title Basic machine shop practices.
260 ## - PUBLICATION, DISTRIBUTION, ETC.
Name of publisher, distributor, etc. Taraporevala Sons & Co
Date of publication, distribution, etc. 2001
546 ## - LANGUAGE NOTE
Language note ENGLISH
654 ## - SUBJECT ADDED ENTRY--FACETED TOPICAL TERMS
Focus term Basic machine.
942 ## - ADDED ENTRY ELEMENTS (KOHA)
Koha item type BOOK
Holdings
Withdrawn status Lost status Damaged status Not for loan Collection Home library Current library Date acquired Cost, normal purchase price Total Checkouts Full call number Barcode Date last seen Cost, replacement price Price effective from Koha item type
        AFT Fr. Agnel's C.Rodrigues College of Engineering Fr. Agnel's C.Rodrigues College of Engineering 17/03/2023 6.00   670.423 AFT652 17/03/2023 6.00 17/03/2023 BOOK